000 00303nam a2200121Ia 4500
008 170620s9999 xx 000 0 und d
100 _aMRYERS FREDERIC H
245 0 _aREVIEW OF MEDICAL PHARMACOLOGY
260 _bLANGE MEDI PUB
260 _c1968
300 _a692
546 _aEnglish
690 _aREVIEW OF MEDICAL PHARMACOLOGY
999 _c31050
_d31050